000
00293 a2200133 4500
001
17717
020
_a
9781409301783
040
_c
Anchieta - Bela Vista
240
1
0
_a
Big and little
_l
eng
245
1
0
_a
Big and little
300
_a
27
650
4
_a
Literatura infantil em inglês
942
_c
BK
999
_c
17717
_d
17717